[Event "Olympiad Women 2024"]
[Site "Budapest HUN"]
[Date "2024.09.16"]
[Round "6.75"]
[Board "2"]
[White "Ashbrooke, Monika"]
[Black "Kponsou, Afiwa"]
[Result "1-0"]
[WhiteElo "1650"]
[BlackElo "1453"]
[PlyCount "113"]
[EventDate "2024.09.11"]
[WhiteTeam "Jersey"]
[BlackTeam "Togo"]
[BlackTeamCountry "TOG"]

1. d4 g6 2. Nf3 Bg7 3. g3 d6 4. Bg2 Nf6 5. O-O O-O 6. c4 Nbd7 7. Nc3 c6 8. e4 Nb6 9. b3 d5 ({RR} 9... Nfd7 10. Be3 e5 11. d5 c5 12. a4 a6 13. a5 f5 14. Bg5 Qe8 15. axb6 Nxb6 16. exf5 e4 17. f6 Bh8 18. Re1 Bf5 19. Nh4 Bxf6 20. Bxf6 Rxf6 21. Nxe4 Bxe4 22. Rxe4 Qf7 23. Qe2 Rf8 24. f4 {1-0 Wheeler,C (2398)-Herrera,D (1832) FIDE World Uni Rapid-E 1st 2021 (2)}) 10. Ne5 $146 ({RR} 10. cxd5 cxd5 11. e5 Ne8 12. h3 Bd7 13. Be3 Nc7 14. Qe2 h6 15. Rac1 Kh7 16. Nh4 f5 17. f4 e6 18. Nf3 Rc8 19. Rc2 Na6 20. a3 Qe7 21. Bc1 Rc7 22. Bb2 Rfc8 23. Rfc1 Bf8 24. Bf1 Qe8 {½-½ Misic,D (2221)-Cubrakovic,V (2234) SRB-chT2 West 2006 (9.6)}) 10... dxe4 11. Nxe4 Nxe4 12. Bxe4 f6 13. Nf3 Bg4 14. Be3 Nc8 15. Re1 Nd6 16. Bd3 Qd7 17. Be2 Ne4 18. Ne5 fxe5 19. Bxg4 Qe8 20. Be6+ Kh8 21. f3 Nd6 22. c5 Nf5 23. dxe5 Bxe5 24. Rc1 Rd8 25. Qe2 Rf6 26. Bxf5 Rxf5 27. Rcd1 Bg7 28. Rxd8 Qxd8 29. Rd1 Qf8 30. Kg2 Rd5 31. Bf4 Rxd1 32. Qxd1 e5 33. Be3 h5 34. Qd7 Qb8 35. Qf7 Kh7 36. Bg5 Qf8 37. Qxb7 Qf5 38. Be3 Qc2+ 39. Bf2 e4 40. Qe7 exf3+ 41. Kxf3 Qd1+ 42. Qe2 Qxe2+ 43. Kxe2 Be5 44. Kd3 Kg7 45. Bd4 Kf6 46. a4 Bxd4 47. Kxd4 Ke6 48. b4 a6 49. h4 Kf5 50. b5 axb5 51. a5 b4 52. a6 b3 53. Kc3 Kg4 54. a7 Kxg3 55. a8=Q Kxh4 56. Qxc6 Kg5 57. Qg2+ 1-0

[Event "Olympiad Women 2024"]
[Site "Budapest HUN"]
[Date "2024.09.16"]
[Round "6.76"]
[Board "1"]
[White "Sosna Mehari Abraham"]
[Black "Asha huang Limboo"]
[Result "1-0"]
[WhiteElo "1541"]
[BlackElo "1420"]
[PlyCount "113"]
[EventDate "2024.09.11"]
[WhiteTeam "Eritrea"]
[BlackTeam "Bhutan"]
[WhiteTeamCountry "ERI"]
[BlackTeamCountry "BTN"]

1. d4 d5 2. Nf3 Nf6 3. Bf4 Nc6 4. e3 a6 5. Bd3 Bg4 6. Nbd2 ({RR} 6. O-O e6 7. Be2 Be7 8. h3 Bh5 9. Nbd2 O-O 10. Ne5 Bxe2 11. Qxe2 h6 12. Nxc6 bxc6 13. c3 c5 14. a3 Qd7 15. b4 c4 16. f3 Rfe8 17. e4 Qc6 18. e5 Nd7 19. Bg3 Nb6 20. f4 Na4 {1-0 Bui,K (2248)-Pham,Q (2246) VIE-ch U11 Girls 2020 (5)}) 6... e6 7. c3 h6 ({RR} 7... Bd6 8. Bxd6 Qxd6 9. Qb3 b5 10. h3 Bh5 11. O-O-O O-O 12. g4 Bg6 13. Bxg6 hxg6 14. Qc2 e5 15. g5 e4 16. gxf6 exf3 17. fxg7 Kxg7 18. Nxf3 Rae8 19. h4 f5 20. h5 Ne7 21. hxg6 Nxg6 22. Rdg1 {1-0 Sierra,G (1394)-Fasta Menacho,J 9th ch-Iberoamericano 2023 (4.91)}) 8. h3 Bf5 $146 ({RR} 8... Bxf3 9. Nxf3 Bd6 10. Ne5 Bxe5 11. Bxe5 Nxe5 12. dxe5 Nd7 13. Qh5 c5 14. O-O Qc7 15. f4 Qb6 16. c4 dxc4 17. Bxc4 O-O 18. b3 Qc6 19. Rad1 Rad8 20. Qh4 b5 21. Bd3 f5 22. Bb1 Qc8 23. e4 {1-0 Remadi,Z (1736)-Ben Youssef,C (1684) Tunis Ariana op 2017 (4)}) 9. Bxf5 exf5 10. Qc2 Qd7 11. Ne5 Nxe5 12. Bxe5 Bd6 13. Bxf6 gxf6 14. Qb3 c6 15. O-O-O O-O-O 16. f4 Rde8 17. Rde1 h5 18. c4 Qc7 19. c5 Bf8 20. g4 hxg4 21. hxg4 Bh6 22. Rh4 fxg4 23. Rxg4 f5 24. Rh4 Bg7 25. Rxh8 Bxh8 26. Nf3 f6 27. Qc2 Qa5 28. Qxf5+ Kd8 29. a3 Bg7 30. Qh7 Qc7 31. Rg1 Bh8 32. Qxc7+ Kxc7 33. Kd2 Re7 34. Rg8 Rh7 35. b4 b5 36. Kd3 Rh1 37. e4 dxe4+ 38. Kxe4 Rh5 39. f5 Rh7 40. Re8 Bg7 41. Re6 Kd7 42. Rd6+ Kc7 43. d5 Bf8 44. Rxc6+ Kb7 45. Rxf6 Re7+ 46. Ne5 Bg7 47. Re6 Rxe6 48. fxe6 Bf6 49. d6 Kc8 50. c6 Bh4 51. d7+ Kc7 52. Kd5 Kd8 53. Nf7+ Kc7 54. d8=Q+ Bxd8 55. Nxd8 Kxd8 56. Kd6 Ke8 57. c7 1-0

[Event "Olympiad Women 2024"]
[Site "Budapest HUN"]
[Date "2024.09.16"]
[Round "6.76"]
[Board "3"]
[White "Elshalom Essayas Berhane"]
[Black "Yeshey lhaden"]
[Result "1-0"]
[WhiteElo "1659"]
[BlackElo "1514"]
[PlyCount "95"]
[EventDate "2024.09.11"]
[WhiteTeam "Eritrea"]
[BlackTeam "Bhutan"]
[WhiteTeamCountry "ERI"]
[BlackTeamCountry "BTN"]

1. e4 c6 2. d4 d5 3. exd5 cxd5 4. Bd3 Nf6 5. Nf3 g6 6. Bf4 Nc6 7. c3 Bg7 8. h3 Nh5 ({RR} 8... O-O 9. Qc2 a6 10. O-O b5 11. Nbd2 b4 12. a3 bxc3 13. Qxc3 Bd7 14. b4 Qb6 15. Rfe1 Rac8 16. Qb2 Ne4 17. Nb3 a5 18. b5 a4 19. bxc6 Bxc6 20. Rab1 axb3 21. Qxb3 Qa5 22. Qb4 Qa7 23. Rec1 {1-0 Fedoseev,V (2688)-Domingo Nunez,R (2384) Titled Tue 13th Dec Early 2022 (6)}) ({RR} 8... Qb6 9. Qb3 Qxb3 10. axb3 O-O 11. O-O e6 12. Nbd2 Rd8 13. b4 a6 14. b5 Ne7 15. Bc7 Rd7 16. b6 Nc6 17. Bb5 Ne8 18. Bg3 Rd8 19. Bxc6 bxc6 20. Nb3 Nd6 21. Na5 Nc4 22. Bc7 Nxa5 23. Bxd8 {1-0 Alvarado,C (2108)-Hoshino,M (1755) Titled Tue 4th Jun Late 2024 (4)}) 9. Bh2 O-O 10. Nbd2 $146 ({RR} 10. g4 Nf6 11. Nbd2 Nd7 {½-½ Koronghy,G (2230)-Kercsmarics,J (2093) HUN-chT2 Szechenyi 0304 2003 (3)}) ({RR} 10. g4 Nf6 11. Nbd2 Nd7 12. Qb3 e5 13. Qxd5 exd4 14. cxd4 Nb4 15. Qc4 {½-½ Goldgewicht,L (2365)-Zangrilli,D (2190) FRA-chT France 1998 (4)}) 10... f6 11. g4 e5 12. gxh5 e4 13. hxg6 exd3 14. gxh7+ Kxh7 15. Nf1 Re8+ 16. Ne3 Bf5 17. Nd2 Bh6 18. Qh5 Bg6 19. Qh4 f5 20. Qxd8 Raxd8 21. O-O-O Bh5 22. Rde1 f4 23. Ng4 Re2 24. Nxh6 Rde8 25. Rxe2 dxe2 26. Re1 Kxh6 27. Bxf4+ Kh7 28. Be3 Re6 29. Nb3 a5 30. Kd2 a4 31. Nc1 Na5 32. b3 Rb6 33. Nxe2 axb3 34. axb3 Rxb3 35. Nf4 Nc4+ 36. Kd3 Bf3 37. Bd2 Nxd2 38. Kxd2 Rb2+ 39. Ke3 Be4 40. f3 Bf5 41. Nxd5 Rb3 42. Kf4 Bg6 43. Kg5 Kg7 44. Re7+ Bf7 45. Rc7 b5 46. Rb7 Kf8 47. Kf6 Bxd5 48. Rb8# 1-0

[Event "Olympiad Women 2024"]
[Site "Budapest HUN"]
[Date "2024.09.18"]
[Round "7.1"]
[Board "1"]
[White "Dronavalli, Harika"]
[Black "Dzagnidze, Nana"]
[Result "1/2-1/2"]
[WhiteElo "2502"]
[BlackElo "2508"]
[PlyCount "117"]
[EventDate "2024.09.11"]
[WhiteTeam "India"]
[BlackTeam "Georgia"]
[WhiteTeamCountry "IND"]
[BlackTeamCountry "GEO"]

1. d4 Nf6 2. c4 e6 3. Nc3 Bb4 4. Nf3 d5 5. Qa4+ Nc6 6. e3 O-O 7. Qc2 dxc4 8. Bxc4 Bd6 9. O-O e5 ({RR} 9... h6 10. h3 Qe7 11. a3 a6 12. Rd1 e5 13. Nh4 e4 14. Ng6 Qe8 15. Nxf8 Kxf8 16. Rf1 Bf5 17. f3 Bg6 18. fxe4 Qe7 19. Bd3 Bg3 20. e5 Bxd3 21. Qxd3 Ng8 22. e4 Bh4 23. Nd5 Qd7 24. Be3 {1-0 Koneru,H (2586)-Dzagnidze,N (2531) Speed Chess (Women) blitz 2022 (1.32)}) 10. h3 a6 ({RR} 10... h6 11. a3 exd4 12. exd4 Ne7 13. Re1 c6 14. Ne5 Ned5 15. Qd3 Be6 16. Bd2 Re8 17. Nxd5 Bxd5 18. Re2 Bxc4 19. Qxc4 Nd5 20. Rae1 Qc7 21. b4 a6 22. a4 Re6 23. b5 axb5 24. axb5 Rae8 25. bxc6 {½-½ Mamedyarov,S (2756)-Wojtaszek,R (2736) EU-Cup 30th Bilbao 2014 (4.1)}) 11. a3 b5 ({RR} 11... h6 12. b4 exd4 13. exd4 Ne7 14. Re1 c6 15. Bd2 Bf5 16. Qa2 Ned5 17. Nxd5 Nxd5 18. Ne5 Rc8 19. Bxd5 cxd5 20. Qxd5 Be6 21. Qe4 Bxe5 22. Qxe5 Bd5 23. Bf4 Rc6 24. Qe7 Rg6 25. Bg3 Bc6 26. Qxd8 {½-½ Seo,J (2466)-Hillarp Persson,T (2476) Elite Hotels Vaxjo Open 2024 (8.1)}) 12. Bd3 $146 ({RR} 12. Ba2 Bb7 13. d5 Ne7 14. e4 Rc8 15. Rd1 h6 16. Be3 Ng6 17. Qe2 Qe7 18. g3 c5 19. dxc6 Bxc6 20. Nd5 Bxd5 21. Bxd5 Bc5 22. Rac1 Bxe3 23. Qxe3 Nxd5 24. Rxd5 Qe6 25. Rxc8 Rxc8 26. Kg2 Kh7 {1-0 Bai,J (2605)-Xu,Y (2546) CHN-ch Hangzhou 2019 (5)}) ({RR} 12. Be2 Bb7 13. Rd1 exd4 14. exd4 Ne7 15. Ne5 {½-½ Prusikin,M (2545)-Parligras,M (2633) Bayern-chI Bank Hofmann 16th 2012 (6)}) ({RR} 12. Ba2 Bb7 13. Rd1 exd4 14. exd4 b4 15. Ne4 Nxe4 16. Qxe4 Qf6 17. Bg5 Qg6 18. Qxg6 hxg6 19. d5 Na7 20. axb4 Bxb4 21. Bf4 Nb5 22. Rac1 Bd6 23. Bxd6 cxd6 24. Nd4 Rac8 25. Nxb5 axb5 26. Re1 Rfd8 {½-½ Kanter,E (2368)-Ly,M (2506) Dubai op 18th 2016 (5)}) 12... Bb7 13. Ne4 h6 14. Bd2 Re8 15. Rfe1 exd4 16. exd4 Be7 17. Nc5 Bxc5 18. Qxc5 Qd6 19. Qxd6 cxd6 20. Bf4 Rxe1+ 21. Rxe1 Rd8 22. Kf1 Kf8 23. Bd2 Ne7 24. Nh4 Bd5 25. Kg1 Ne8 26. Nf5 Nc6 27. Rc1 Ne7 28. Nxe7 Kxe7 29. Ba5 Ra8 30. f3 Kd7 31. Kf2 Rc8 32. Rxc8 Kxc8 33. g4 Kd7 34. h4 Nf6 35. Bc3 h5 36. g5 Ng8 37. f4 Ne7 38. f5 g6 39. f6 Nf5 40. Bxf5+ gxf5 41. Ke3 Ke6 42. Kf4 Bb3 43. Ba5 Bc4 44. Bd8 Bb3 45. Be7 a5 46. Bd8 a4 47. Ba5 Ba2 48. Bb4 Bb3 49. Be1 Ba2 50. Bg3 d5 51. Ke3 f4+ 52. Kxf4 Bb1 53. Ke3 Kf5 54. Kd2 Kg6 55. Kc3 Ba2 56. Kb4 Bc4 57. Kc5 Kf5 58. Kd6 Kg6 59. Ke5 1/2-1/2

[Event "Olympiad Women 2024"]
[Site "Budapest HUN"]
[Date "2024.09.18"]
[Round "7.1"]
[Board "2"]
[White "Javakhishvili, Lela"]
[Black "Vaishali, Rameshbabu"]
[Result "0-1"]
[WhiteElo "2446"]
[BlackElo "2498"]
[PlyCount "122"]
[EventDate "2024.09.11"]
[WhiteTeam "Georgia"]
[BlackTeam "India"]
[WhiteTeamCountry "GEO"]
[BlackTeamCountry "IND"]

1. d4 Nf6 2. c4 g6 3. Nc3 d5 4. cxd5 Nxd5 5. Bd2 Bg7 6. e4 Nxc3 7. Bxc3 O-O 8. Qd2 c5 9. d5 e6 10. Bc4 Qh4 ({RR} 10... Bxc3 11. bxc3 exd5 12. Bxd5 Nd7 13. Nf3 Nb6 14. O-O Be6 15. Bxe6 Qxd2 16. Bxf7+ Rxf7 17. Nxd2 Rd8 18. Nb3 c4 19. Nc5 Re8 20. a4 Rc7 21. a5 Nc8 22. Na4 Rxe4 23. Rfe1 Rxe1+ 24. Rxe1 b5 25. axb6 {½-½ Giri,A (2764)-Carlsen,M (2863) Chessable Masters Final rapid 2020 (3.22)}) ({RR} 10... exd5 11. Bxd5 Nc6 12. Nf3 Be6 13. O-O Bxd5 14. exd5 Nd4 15. Nxd4 cxd4 16. Bxd4 Qxd5 17. Be3 Qxd2 18. Bxd2 Rfd8 19. Be3 b6 20. Rab1 Rac8 21. b4 Bd4 22. Bf4 Rc4 23. Bg3 Re8 24. a4 Re2 25. Rb3 {0-1 Vifleemskaia,S (1942)-Ghevondyan,A (2216) Titled Tue 19th Mar Late 2024 (3)}) 11. Qe3 Bd4 $146 ({RR} 11... exd5 12. Bxd5 Nd7 13. Nf3 Qe7 14. Bxg7 Kxg7 15. Rc1 Rb8 16. O-O b6 17. e5 Bb7 {½-½ Galunova,T (2164)-Hoffmann,M (2462) Bayern-chI Bank Hofmann 21st 2017 (2)}) ({RR} 11... exd5 12. Bxd5 Na6 13. Nf3 Qe7 14. Bxg7 Kxg7 15. Qc3+ Kg8 16. O-O Nb4 17. Bb3 b6 18. Ne5 Be6 19. f4 f6 20. Ng4 Kg7 21. f5 gxf5 22. exf5 Bxb3 23. axb3 h5 24. Rfe1 Qb7 25. Nf2 Rf7 26. Ne4 {1-0 Atalik,S (2446)-Namitbir,S (2293) Belgrade Gligoric Memorial 2022 (6)}) 12. Nf3 Bxe3 13. Nxh4 exd5 14. Bxd5 Bh6 15. O-O Na6 16. Rad1 Nc7 17. Bb3 Bg4 18. Nf3 Bg7 19. Rc1 Bxf3 20. gxf3 b6 21. Bc4 Rad8 22. Rfd1 Bxc3 23. bxc3 Kg7 24. Kg2 b5 25. Bf1 c4 26. a4 a6 27. Rb1 f5 28. exf5 Rxd1 29. Rxd1 Rxf5 30. Rd7+ Rf7 31. Rd6 Rf6 32. Rd7+ Rf7 33. Rd6 Kf8 34. Kg3 Ke7 35. Rb6 Rf6 36. Rb8 Rd6 37. Rb7 Kd7 38. Rb8 Rd3 39. Rb6 Rd6 40. Bh3+ Ke7 41. Rb7 Rc6 42. a5 Kd6 43. f4 b4 44. Rxb4 Nd5 45. Rb2 Nxc3 46. Bg2 Rc5 47. Rb6+ Ke7 48. Rxa6 Ne2+ 49. Kg4 h5+ 50. Kh4 c3 51. Be4 Nxf4 52. Kg3 Ne6 53. Bc2 Rg5+ 54. Kf3 Nd4+ 55. Kf4 Rg4+ 56. Ke5 Nxc2 57. Rc6 Rg5+ 58. Ke4 Rxa5 59. Rxg6 Nb4 60. Rg7+ Kd6 61. Rg6+ Kc5 0-1

[Event "Olympiad Women 2024"]
[Site "Budapest HUN"]
[Date "2024.09.18"]
[Round "7.1"]
[Board "3"]
[White "Divya, Deshmukh"]
[Black "Batsiashvili, Nino"]
[Result "1/2-1/2"]
[WhiteElo "2483"]
[BlackElo "2461"]
[PlyCount "60"]
[EventDate "2024.09.11"]
[WhiteTeam "India"]
[BlackTeam "Georgia"]
[WhiteTeamCountry "IND"]
[BlackTeamCountry "GEO"]

1. e4 e5 2. Nf3 Nc6 3. Bb5 a6 4. Ba4 Nf6 5. O-O Be7 6. Re1 b5 7. Bb3 O-O 8. h3 Bb7 9. d3 d6 10. a3 Nb8 11. Nc3 ({RR} 11. Nbd2 Nbd7 12. Nf1 Re8 13. Ba2 c6 14. Ng3 Bf8 15. Nf5 d5 16. d4 c5 17. dxc5 Nxc5 18. exd5 e4 19. N3d4 Bxd5 20. Bxd5 Qxd5 21. Bg5 Nfd7 22. Qg4 Ne5 23. Qg3 Ne6 24. Rad1 Nxg5 25. Qxg5 Qb7 {½-½ Kasparov,G (2847)-Kramnik,V (2807) Linares 20th 2003 (8)}) 11... Nbd7 ({RR} 11... c5 12. Bg5 Nbd7 13. Nh2 Rc8 14. Qe2 {½-½ Spriestersbach,K (2164)-Stoll,T (1978) 51st Sparkassen Open A 2024 (9.67)}) 12. Ba2 h6 $146 ({RR} 12... c5 13. Nh2 Nb6 14. Ng4 Nxg4 15. Qxg4 Bc8 16. Qh5 Be6 17. Bxe6 fxe6 18. Re3 Bh4 19. g3 Qf6 20. Nd1 Bg5 21. Re1 Bxc1 22. Rxc1 Ra7 23. Kg2 Raf7 24. Rf1 d5 25. Qe2 Qg5 26. Ne3 d4 27. h4 {½-½ Siwiec,A (2048)-Wozniak,M (2180) Rewal op-A 12th 2007 (9)}) 13. b4 Re8 14. Bb2 Bf8 15. Nh2 c6 16. Qf3 a5 17. Ng4 Qe7 18. Ne2 axb4 19. axb4 d5 20. Bc3 Nxg4 21. hxg4 Qf6 22. Qxf6 Nxf6 23. f3 d4 24. Bd2 Ra6 25. Bb3 Rea8 26. Rxa6 Rxa6 27. f4 Nxg4 28. fxe5 Nxe5 29. Rf1 Bc8 30. Nxd4 c5 1/2-1/2

[Event "Olympiad Women 2024"]
[Site "Budapest HUN"]
[Date "2024.09.18"]
[Round "7.1"]
[Board "4"]
[White "Khotenashvili, Bella"]
[Black "Vantika, Agrawal"]
[Result "0-1"]
[WhiteElo "2432"]
[BlackElo "2370"]
[PlyCount "92"]
[EventDate "2024.09.11"]
[WhiteTeam "Georgia"]
[BlackTeam "India"]
[WhiteTeamCountry "GEO"]
[BlackTeamCountry "IND"]

1. d4 Nf6 2. c4 e6 3. Nc3 Bb4 4. a3 Bxc3+ 5. bxc3 Nc6 6. f3 b6 7. e4 Na5 8. Bg5 h6 9. Bh4 g5 10. Bf2 d6 11. h4 Rg8 12. hxg5 hxg5 13. Bd3 Ba6 14. Ne2 Qe7 15. c5 Bxd3 16. Qxd3 dxc5 $146 ({RR} 16... d5 17. e5 Nd7 18. Qa6 Kd8 19. c6 Nf8 20. Ng3 Qe8 21. Nh5 Qxc6 22. Qd3 Nd7 23. Be3 Kc8 24. Qa6+ Qb7 25. Qxb7+ Kxb7 26. g4 c5 27. Ng3 Nc4 28. Bc1 cxd4 29. cxd4 f6 30. exf6 Nxf6 31. Rh6 {0-1 Derjabin,I (2333)-Grachev,A (2402) Aeroflot Open A 2024 (4.66)}) 17. dxc5 Nd7 18. cxb6 axb6 19. Nd4 c6 20. a4 Ne5 21. Qe2 c5 22. Qb5+ Qd7 23. Rh7 Qxb5 24. Nxb5 Ke7 25. Ke2 Nac4 26. g3 Rgd8 27. Ra2 Kf6 28. Rh6+ Kg7 29. Rh1 Rd7 30. f4 Ng4 31. Rh5 f6 32. e5 Kg6 33. Rh1 fxe5 34. fxg5 Kxg5 35. Be1 e4 36. Rh4 e3 37. Kf3 Rf8+ 38. Ke2 Rfd8 39. Kf3 Nd2+ 40. Kg2 Nc4 41. Kf3 Nce5+ 42. Ke2 Nd3 43. Ra1 Nxe1 44. Rxe1 Rf8 45. Rxg4+ Kxg4 46. Kxe3 Rf5 0-1

[Event "Olympiad Women 2024"]
[Site "Budapest HUN"]
[Date "2024.09.18"]
[Round "7.2"]
[Board "1"]
[White "Theissl Pokorna, Regina"]
[Black "Gaal, Zsoka"]
[Result "0-1"]
[WhiteElo "2302"]
[BlackElo "2385"]
[PlyCount "236"]
[EventDate "2024.09.11"]
[WhiteTeam "Austria"]
[BlackTeam "Hungary"]
[WhiteTeamCountry "AUT"]
[BlackTeamCountry "HUN"]

1. e4 c6 2. d4 d5 3. exd5 cxd5 4. c4 Nf6 5. Nc3 g6 6. cxd5 Nxd5 7. Nf3 Bg7 8. h3 O-O 9. Be2 Nc6 10. O-O b6 11. Re1 ({RR} 11. Bc4 Nxc3 12. bxc3 e6 13. Bf4 Bb7 14. Qd2 Qc8 15. Be2 Ba6 16. Bxa6 Qxa6 17. Bh6 Rac8 18. Nh2 Ne7 19. Ng4 Nd5 20. Rae1 Rxc3 21. Bxg7 Kxg7 22. Re5 Rc6 23. Rfe1 Qc4 24. R5e4 Qc3 25. Qh6+ Kg8 {1-0 Ivanchuk,S (1917)-Pottinger,C (1809) Canadian Open 2024 (3.45)}) 11... Bb7 12. Bc4 ({RR} 12. Bf1 h6 13. Bc4 Nf6 14. Bf4 e6 15. Nb5 Ne8 16. Rc1 a6 17. Nc3 Nxd4 18. Nxd4 Bxd4 19. Qd2 Bg7 20. Bxh6 Qxd2 21. Bxd2 Nd6 22. Bb3 Rac8 23. Red1 b5 24. a4 Ne4 25. Nxe4 Bxe4 26. axb5 axb5 {½-½ Epishin,V (2613)-Zvjaginsev,V (2641) RUS Cup final 2009 (1.1)}) 12... e6 $146 ({RR} 12... Nxc3 13. bxc3 Rc8 14. Ba3 Rc7 15. Qe2 Qc8 16. Bb5 a6 17. Ba4 Qf5 18. Qb2 Qa5 19. Bc2 Rfc8 20. Be4 e6 21. Nd2 Ne7 22. Bb4 Qb5 23. a4 Qd7 24. Bxe7 Qxe7 25. Qxb6 Bh6 26. Nb3 Bxe4 27. Rxe4 {0-1 Abdullayev,A (2074)-Guseynov,A (2340) Manisa Yunusemre 2019 (10.5)}) ({RR} 12... Nxc3 13. bxc3 Na5 14. Bb3 Rc8 15. Ba3 Rc7 16. Rc1 h6 17. Ne5 Bxe5 18. Rxe5 Kg7 19. Qe1 Nxb3 20. axb3 Re8 21. Qe2 e6 22. c4 Rc8 23. Bb2 Kh7 24. Rd1 Qd7 25. Qg4 Rcd8 26. Qf4 g5 27. Qg4 {0-1 Samaganova,A (1827)-Ghevondyan,A (2216) Titled Tue 5th Sep Early 2023 (5)}) 13. Bg5 Nxc3 14. bxc3 Qc7 15. Rc1 Na5 16. Bf1 Bd5 17. Nd2 Nc4 18. Nxc4 Bxc4 19. Bxc4 Qxc4 20. Qd2 Rac8 21. h4 h5 22. a3 Qb3 23. Re3 Qxa3 24. c4 Qd6 25. Rd3 Rfe8 26. Qe3 Qc6 27. Ra3 Rc7 28. c5 Qd5 29. Qg3 e5 30. Be3 Rec8 31. dxe5 Bxe5 32. Qg5 Qe6 33. Ra6 Qf5 34. Qxf5 gxf5 35. Rd1 bxc5 36. Rd5 f6 37. f4 Bc3 38. Rxf5 c4 39. Rxh5 Re7 40. Kf2 Bb2 41. Rxa7 Rxa7 42. Bxa7 c3 43. Bd4 Rc4 44. Bxc3 Rxc3 45. Rf5 Kf7 46. g4 Rb3 47. h5 Ke6 48. Kg2 Bd4 49. Ra5 Be3 50. Rf5 Bd2 51. Kf2 Be3+ 52. Kg2 Bc1 53. Kf2 Bd2 54. Ke2 Rb2 55. Kf3 Be1 56. Rc5 Rb3+ 57. Ke4 Rb4+ 58. Kf3 Rb3+ 59. Ke4 Bd2 60. Rc6+ Ke7 61. Rc4 Rb5 62. Rd4 Ba5 63. Rd5 Rb4+ 64. Rd4 f5+ 65. gxf5 Rb1 66. f6+ Ke6 67. Kf3 Rh1 68. Kg4 Rg1+ 69. Kf3 Bc3 70. Rc4 Bxf6 71. Rc6+ Kf7 72. Ke4 Rh1 73. Rc5 Be7 74. Rf5+ Ke6 75. Re5+ Kd7 76. Ra5 Bd6 77. Rg5 Be7 78. Rb5 Rh4 79. Kf3 Bd6 80. Rf5 Ke6 81. Kg3 Rh1 82. Rg5 Rg1+ 83. Kh3 Rf1 84. Rg6+ Ke7 85. h6 Bxf4 86. Kg2 Rd1 87. h7 Rd2+ 88. Kf3 Be5 89. Rh6 Bh8 90. Ke4 Kf7 91. Rh3 Kg6 92. Rh1 Rd4+ 93. Kf3 Rd8 94. Ke4 Bg7 95. Rh3 Bh6 96. Rg3+ Kxh7 97. Kf5 Bg7 98. Rh3+ Kg8 99. Ke6 Rd4 100. Rf3 Re4+ 101. Kd5 Re1 102. Kd6 Bb2 103. Kd5 Kg7 104. Kd6 Bf6 105. Kd5 Kf7 106. Rb3 Rd1+ 107. Kc5 Ke6 108. Re3+ Be5 109. Rh3 Rc1+ 110. Kb5 Kd5 111. Rh5 Rc5+ 112. Ka6 Kc6 113. Rg5 Rd5 114. Rh5 Rd8 115. Ka5 Bd6 116. Ka4 Rb8 117. Rb5 Rh8 118. Rg5 Rh3 0-1